000 00544nam a2200217Ia 4500
003 OSt
005 20220928144606.0
006 a|||||r|||| 00| 0
007 ta
008 220927b |||||||| |||| 00| 0 eng d
024 _a72325
037 _cTextual
040 _aSDCL
_cSDCL
_beng
041 _2eng
_aeng
082 _aQ2:22, M7
100 _aDange Sarashiv A
_9508605
245 0 _aGlimpses of Puranic myth and culture.
260 _c1987
942 _hQ2:22, M7
_cTEXL
_2CC
999 _c828380
_d828380